00782cam a22002171 4500001001300000003000400013005001700017008004100034010001700075035002000092040004600112050003100158100003700189245008100226260007000307300003200377490006500409650003800474650003500512999001700547sd 46000026 DLC20260227112735.0940720s1944 nyu 000 0 eng c asd 46000026  a(OCoLC)30796443 aU.S. Dept. of State. Libr.cIENdIENdDLC00aD410b.F65 vol. 19, no. 231 aDean, Vera Micheles,d1903-1972.10aFrom Casablanca to Teheran--with texts of documents,cby Vera Micheles Dean. aNew York, N.Y.,bForeign Policy Association, Incorporatedc[1944] a1 p. l., 307-312 p.c27 cm.0 aForeign policy reports,vvol. XIX, no. 23. February 15, 1944 0aWorld War, 1939-1945vCongresses. 0aWorld War, 1939-1945vSources. c89964d89964